Le dimanche de Bouvines (Record no. 133621)

MARC details
000 -LEADER
campo de control de longitud fija 00692nam a2200217 i 4500
001 - NÚMERO DE CONTROL
campo de control 133621
003 - IDENTIFICADOR DE NÚMERO DE CONTROL
campo de control ES-MaACL
005 - FECHA Y HORA DE LA ÚLTIMA TRANSACCIÓN
campo de control 20230906194455.0
007 - CAMPO FIJO DE DESCRIPCIÓN FÍSICA--INFORMACIÓN GENERAL
campo de control de longitud fija t|
008 - DATOS DE LONGITUD FIJA--INFORMACIÓN GENERAL
campo de control de longitud fija 150310s1973 fr ||||1| fre d
080 ## - NÚMERO DE LA CLASIFICACIÓN DECIMAL UNIVERSAL
Número de la Clasificación Decimal Universal 944"1214"
100 0# - ENTRADA PRINCIPAL--NOMBRE DE PERSONA
Nombre de persona Duby, Georges.
9 (RLIN) 45797
245 13 - MENCIÓN DEL TÍTULO
Título Le dimanche de Bouvines
Resto del título : 27 juillet 1214 /
Mención de responsabilidad, etc. Georges Duby.
260 ## - PUBLICACIÓN, DISTRIBUCIÓN, ETC.
Lugar de publicación, distribución, etc. Paris :
Nombre del editor, distribuidor, etc. Gallimard,
Fecha de publicación, distribución, etc. [1973]
300 ## - DESCRIPCIÓN FÍSICA
Extensión 302 p. :
Otras características físicas il. ;
Dimensiones 21 cm.
490 1# - MENCIÓN DE SERIE
Mención de serie Trente journées qui ont fait la France ;
Designación de volumen o secuencia 5
650 #4 - PUNTO DE ACCESO ADICIONAL DE MATERIA--TÉRMINO DE MATERIA
Término de materia o nombre geográfico como elemento de entrada Bouvines, Batalla de, 1214.
9 (RLIN) 156513
830 0# - PUNTO DE ACCESO ADICIONAL DE SERIE-TÍTULO UNIFORME
Título uniforme Trente journées qui ont fait la France ;
Designación de volumen o secuencia 5
9 (RLIN) 182109
852 ## - LOCALIZACIÓN
Ubicación ES-MaACL
Número de control de estantería E-15455
Nota libre .- Ded. ms. del autor
Holdings
Estatus retirado Estado de pérdida Estado de daño No para préstamo Biblioteca de origen Biblioteca actual Ubicación en estantería Fecha de adquisición Fuente de adquisición Total de préstamos Signatura topográfica completa Código de barras Visto por última vez Precio de reemplazo Tipo de ítem Koha
        Biblioteca del Ateneo de Madrid Biblioteca del Ateneo de Madrid Depósito 2 10/03/2015     E-15455 1193570 23/02/2023 23/02/2023 Libro impreso